000 00421nab a2200145Ia 4500
003 ES-SlBCS
005 20210601142652.0
008 140529s2009 xxu||||| |||| 00| 0 spa d
041 _aspa
100 1 _aCastells, Pere
_9123297
245 0 0 _aEl cava
_c Pere Castells
650 0 4 _aCava
_9275269
773 0 _tInvestigacion y Ciencia (Traducción de: Scientific American)
_gnº. 393, 2009, págs. 39
_wRev1650
942 _cAR
999 _c680279
_d680279